Personnages joués par Natalie Portman par images (Click) - Statistiques

Statistiques générales
  • Ce quiz a été pris 90 fois
  • Le résultat moyen est 10 sur 25
Statistiques - réponses
Hint Réponse % Correct
Black Swan
100%
Star Wars - Épisode I : La Menace fantôme
90%
Thor: Love and Thunder
87%
Léon
87%
V pour Vendetta
69%
Deux sœurs pour un roi
69%
Jane Got a Gun
56%
Closer - Entre adultes consentants
53%
Jackie
53%
Lucy in the Sky
40%
Sex Friends
40%
À bord du Darjeeling Limited
34%
Annihilation
33%
Heat
30%
Brothers
26%
My Blueberry Nights
24%
Vox Lux
11%
Beautiful Girls
10%
Garden State
9%
Votre Majesté
9%
Les Fantômes de Goya
9%
Hesher
9%
Planetarium
7%
Mars Attacks!
7%
Retour à Cold Mountain
4%
Aucun quiz correspondant
Distribution des résultats
% des personnes avec chaque résultat
Percentile par nombre de réponses
Votre historique - résultats
Vous n’avez pas pris ce quiz